Reflexiones sobre el futuro del desarrollo agrícola en América Latina y el Caribe /
El artículo aborda la temática del desarrollo agropecuario en las últimas décadas en Costa Rica y cómo se han generado grandes cambios que plantean hoy en día problemáticas como la pobreza, la desigualdad social y la degradación del medio ambiente. Asimismo el autor propone posibles escenarios futur...
Uloženo v:
| Hlavní autor: | |
|---|---|
| Médium: | Text |
| Témata: | |
| Tagy: |
Přidat tag
Žádné tagy, Buďte první, kdo vytvoří štítek k tomuto záznamu!
|
MARC
| LEADER | 00000 a a2200000 04500 | ||
|---|---|---|---|
| 001 | 12624 | ||
| 003 | |||
| 040 | |||
| 100 | |a Morales E, César | ||
| 245 | |a Reflexiones sobre el futuro del desarrollo agrícola en América Latina y el Caribe / |c César Morales E | ||
| 520 | |a El artículo aborda la temática del desarrollo agropecuario en las últimas décadas en Costa Rica y cómo se han generado grandes cambios que plantean hoy en día problemáticas como la pobreza, la desigualdad social y la degradación del medio ambiente. Asimismo el autor propone posibles escenarios futuros donde para poder tener un sector agropecuario más productivo deben tomarse en cuenta los nuevos mercados, el medio ambiente y las nuevas tecnologías | ||
| 650 | |a DESARROLLO AGROPECUARIO | ||
| 650 | |a POBREZA | ||
| 650 | |a DESIGUALDAD SOCIAL | ||
| 650 | |a EFECTOS SOBRE EL MEDIO AMBIENTE | ||
| 650 | |a POBLACION | ||
| 650 | |a TASA DE CRECIMIENTO | ||
| 650 | |a AGRICULTURA | ||
| 650 | |a EXPORTACIONES | ||
| 650 | |a IMPORTACIONES | ||
| 650 | |a POBREZA | ||
| 773 | |g volumen 6, número 1 -2; páginas 9-32 | ||
| 999 | |c 21807 |d 21807 | ||
